Catàleg del Col·legi de Periodistes de Catalunya

Lluís Figuerola Anglade (Registre núm. 2604)

000 -CABECERA
Longitud fija campo de control 00450naa a2200157 a 4500
001 - NÚMERO DE CONTROL
Número de control 2604
003 - IDENTIFICADOR DEL NÚMERO DE CONTROL
Identificador del número de control CDMR
005 - FECHA Y HORA DE LA ÚLTIMA TRANSACCIÓN
Fecha y hora de la última transacción 20130320111202.0
008 - CÓDIGOS DE INFORMACIÓN DE LONGITUD FIJA
Códigos de información de longitud fija 130130s ||||||||||||r|||||||||||||||d
040 ## - FUENTE DE LA CATALOGACIÓN
Centro catalogador de origen CDMR
Lengua de catalogación cat
Centro transcriptor CDMR
100 1# - PUNTO DE ACCESO PRINCIPAL-NOMBRE DE PERSONA
9 (RLIN) 1591
Nombre de persona Marsà, Ángel
Fechas asociadas al nombre 1900-1988
245 10 - MENCIÓN DE TÍTULO
Título Lluís Figuerola Anglade
600 14 - PUNTO DE ACCESO ADICIONAL DE MATERIA - NOMBRE DE PERSONA
Nombre de persona Figuerola Anglada, Lluís
9 (RLIN) 1949
773 0# - ENLACE AL DOCUMENTO FUENTE
Título Anuario de la Asociación de la Prensa Diaria
Parte(s) relacionada(s) Any II, 1924, p.119-135
942 ## - ENTRADA DE ELEMENTOS AGREGADOS (KOHA)
Koha [por defecto] tipo de item Capítols
Fuente de clasificaión o esquema
Fons
Suprimido Perdido Estropeado No para préstamo Localización permanente Localización actual Fecha adquisición Préstamos totales Código de barras Fecha última consulta Fecha del precio de reemplazo Tipo de item de Koha
        Centre de Documentació Montserrat Roig Centre de Documentació Montserrat Roig 2013-01-16   12851420130116125150 2013-01-16 2013-01-16 Capítols

Implantat amb Koha